000 00547nam a2200205Ia 4500
005 20250923144411.0
008 008 250917s9999 xx 000 0 eng d
037 _aTextual
040 _aDSWL
_beng
_cDSWL
041 _aeng
_2eng
084 _aY1:7z7, J5;1
_qDSWL
245 0 _aPessonality in nature,society and culture
_cEd.by C Kluckhohn
260 _aNew York
_c1956
300 _a701 p.
365 _aUSD
_b8
700 _aH.A Murray
_9824508
925 _g8
942 _cTEXL
_hY1:7z7, J5;1
999 _c1438378
_d1438378